[Event "FRA-ch Youth 2017"]
[Site "Belfort"]
[Date "2017.04.17"]
[Round "3"]
[White "Defromont, Benjamin"]
[Black "Harutyunyan, Ruben"]
[Result "1-0"]
[WhiteElo "1946"]
[BlackElo "2218"]
[Annotator "NA"]
[PlyCount "120"]
[EventDate "2017.??.??"]
[EventCountry "FRA"]
[SourceTitle "playchess.com"]
[Source "ChessBase"]
[SourceQuality "1"]
[TimeControl "5400+30"]

1. e4 {[%emt 0:00:00]} c5 {[%emt 0:00:30]} 2. Nf3 {[%emt 0:00:26]} Nf6 {[%emt 0:00:07]} 3. Nc3 {[%emt 0:19:50]} d6 {[%emt 0:00:28]} 4. d4 {[%emt 0:00:22]} cxd4 {[%emt 0:00:02]} 5. Nxd4 {[%emt 0:00:06]} a6 {[%emt 0:00:03]} 6. Be2 {[%emt 0:00:46]} e6 {[%emt 0:00:57]} 7. O-O {[%emt 0:05:26]} Be7 {[%emt 0:00:11]} 8. Be3 {[%emt 0:01:12]} Qc7 {[%emt 0:04:04] LiveBook: 194 Games} 9. Bf3 {[%emt 0:08:31] B84: Sicilian Scheveningen: 6 Be2 a6, lines without early Be3} (9. a4 b6 10. f4 Bb7 11. Bf3 Nbd7 12. f5 e5 13. Nb3 O-O 14. Qe2 Rfc8 15. Nd2 h6 16. g3 Bc6 17. Rfc1 Qb7 18. Qg2 b5 19. a5 Qc7 {½-½ (54) Swiercz,D (2645)-Shankland,S (2666) Saint Louis 2017}) 9... Nc6 {[%emt 0:01:51]} 10. a4 {[%emt 0:06:56]} Bd7 {[%emt 0:02:24]} 11. Nb3 {[%emt 0:08:06]} Ne5 {[%emt 0:02:08]} 12. Be2 {[%emt 0:05:55]} Nc4 $146 {[%emt 0:00:30]} (12... Bc6 13. f3 O-O 14. a5 Ned7 15. Na4 b5 16. axb6 {½-½ (55) Kiss,L (1700)-Gyutai,N (1818) Hungary 2014}) 13. Bxc4 {[%emt 0:00:47]} Qxc4 {[%emt 0:00:03]} 14. Qd3 {[%emt 0:05:23]} Qxd3 {[%emt 0:00:38]} 15. cxd3 {[%emt 0:00:09]} Bc6 {[%emt 0:01:14]} 16. f3 {[%emt 0:04:09]} O-O {[%emt 0:05:43]} 17. a5 {[%emt 0:03:39]} Rac8 {[%emt 0:01:44]} 18. Rfc1 {[%emt 0:01:45]} Nd7 {[%emt 0:03:22]} 19. f4 {[%emt 0:10:28]} Rfd8 {[%emt 0:05:55]} 20. Rd1 {[%emt 0:10:30]} Nc5 {[%emt 0:02:02]} 21. Nxc5 {[%emt 0:03:49]} dxc5 {[%emt 0:00:02]} 22. Kf1 {[%emt 0:00:16]} f5 {[%emt 0:03:06]} 23. exf5 {[%emt 0:00:32]} exf5 {[%emt 0:00:06]} 24. d4 {[%emt 0:00:19]} cxd4 {[%emt 0:01:48]} 25. Bxd4 {[%emt 0:00:18]} Kf7 {[%emt 0:02:50]} 26. Bb6 {[%emt 0:02:09]} Rxd1+ {[%emt 0:01:30]} 27. Rxd1 {[%emt 0:00:21]} Bf6 {[%emt 0:00:51]} 28. Kf2 {[%emt 0:00:37]} h6 {[%emt 0:02:31]} 29. g3 {[%emt 0:00:36]} g5 {[%emt 0:00:38]} 30. fxg5 {[%emt 0:00:41]} hxg5 {[%emt 0:00:15]} 31. Rd2 {[%emt 0:00:16]} f4 {[%emt 0:01:18]} 32. Ne2 {[%emt 0:00:50]} Rh8 {[%emt 0:02:53]} 33. Kg1 {[%emt 0:00:21]} Be5 {[%emt 0:01:07]} 34. Bd4 {[%emt 0:00:35]} Rd8 {[%emt 0:03:04]} 35. Bc3 {[%emt 0:00:20]} Rxd2 {[%emt 0:03:21]} 36. Bxd2 {[%emt 0:00:04]} f3 {[%emt 0:00:25]} 37. Nc3 {[%emt 0:00:40]} Bd4+ {[%emt 0:00:04]} 38. Kf1 {[%emt 0:00:08]} g4 {[%emt 0:12:22]} 39. Nd1 {[%emt 0:01:30]} Bb5+ {[%emt 0:08:23]} 40. Ke1 {[%emt 0:00:07]} Bd7 {[%emt 0:00:09]} 41. Be3 {[%emt 0:00:40]} Be5 {[%emt 0:01:01]} 42. Kf2 {[%emt 0:00:27]} Ke6 {[%emt 0:00:59]} 43. Nc3 {[%emt 0:00:51]} Bc6 {[%emt 0:03:11]} 44. Ke1 {[%emt 0:00:31]} Bd6 {[%emt 0:04:18]} 45. Bb6 {[%emt 0:00:30]} Bb4 {[%emt 0:01:11]} 46. Bc7 {[%emt 0:00:34]} Kd7 {[%emt 0:01:11]} 47. Bb6 {[%emt 0:00:23]} Kd6 {[%emt 0:00:27]} 48. Kf2 {[%emt 0:00:30]} Bc5+ {[%emt 0:01:27]} 49. Bxc5+ {[%emt 0:00:17]} Kxc5 {[%emt 0:00:02]} 50. Nd1 {[%emt 0:00:32]} (50. Nb1 {was the only chance.}) 50... Kb5 {[%emt 0:00:52]} 51. Ne3 {[%emt 0:00:11]} Bd7 {[%emt 0:00:17]} 52. Nd5 $19 {[%emt 0:01:07]} Kxa5 {[%emt 0:00:37]} 53. Nf6 {[%emt 0:00:11]} Be6 {[%emt 0:01:07]} 54. h4 {[%emt 0:00:10]} gxh3 {[%emt 0:00:29]} 55. Kxf3 {[%emt 0:00:08]} Kb4 {[%emt 0:00:18]} 56. g4 {[%emt 0:00:05]} Kb3 {[%emt 0:00:51]} 57. g5 {[%emt 0:00:06]} Kxb2 {[%emt 0:00:31]} 58. g6 {[%emt 0:00:14]} a5 {[%emt 0:00:36]} 59. Ne4 {[%emt 0:00:28]} Bd5 {[%emt 0:00:39]} 60. g7 {[%emt 0:00:26]} h2 {[%emt 0:00:09]} 1-0

[Event "FRA-ch Youth 2017"]
[Site "Belfort"]
[Date "2017.04.17"]
[Round "3"]
[White "Retailleau, Elise"]
[Black "Joly, Audrey"]
[Result "1-0"]
[WhiteElo "1946"]
[BlackElo "1747"]
[Annotator "NA"]
[PlyCount "66"]
[EventDate "2017.??.??"]
[EventCountry "FRA"]
[SourceTitle "playchess.com"]
[Source "ChessBase"]
[SourceQuality "1"]
[TimeControl "5400+30"]

1. e4 {[%emt 0:00:00]} d5 {[%emt 0:00:17]} 2. exd5 {[%emt 0:00:09]} Qxd5 3. d4 {[%emt 0:01:04]} c6 {[%emt 0:01:16]} 4. Nc3 {[%emt 0:02:33]} Qa5 {[%emt 0:01:28]} 5. Bc4 {[%emt 0:03:42]} Nf6 {[%emt 0:02:11]} 6. Bd2 {[%emt 0:01:10]} Qc7 {[%emt 0:02:15]} 7. Nf3 {[%emt 0:06:45]} Bf5 {[%emt 0:01:43] LiveBook: 48 Games} 8. O-O {[%emt 0:08:06]} e6 {[%emt 0:02:39]} 9. Re1 {[%emt 0:03:04]} Nbd7 {[%emt 0:03:10]} 10. a3 {[%emt 0:04:00] B01: Scandinavian Defence} (10. h3 O-O-O 11. Rb1 Nb6 12. Bf1 Nbd5 13. Na4 Nb4 14. Rc1 Nxa2 15. Ra1 Nb4 16. Bxb4 Bxb4 17. c3 Bd6 18. b4 {1-0 (55) Rosko,L (2350)-Heinzel,O (2370) Germany 2013}) 10... Nb6 {[%emt 0:06:08]} 11. Bf1 $146 {[%emt 0:03:22]} (11. Bb3 Bd6 12. h3 O-O 13. Bg5 Nfd5 14. Ne4 Be7 15. Bxe7 Qxe7 16. c4 Nf6 {0-1 (37) Fischer,G (2117)-Walter,T (2020) Postbauer 2006}) 11... O-O-O {[%emt 0:03:45]} 12. Be3 {[%emt 0:04:27]} Nbd5 {[%emt 0:02:55]} 13. Nxd5 {[%emt 0:02:23]} exd5 {[%emt 0:00:50]} 14. b4 {[%emt 0:04:59]} h5 {[%emt 0:02:18]} 15. h4 {[%emt 0:03:45]} Ng4 {[%emt 0:02:04]} 16. b5 {[%emt 0:03:41]} Be4 {[%emt 0:04:28]} 17. g3 {[%emt 0:02:50]} Bd6 {[%emt 0:02:06]} (17... cxb5 $15 18. Ng5 Bd6 19. Nxe4 dxe4) 18. bxc6 {[%emt 0:02:20]} Qxc6 {[%emt 0:03:37]} 19. a4 {[%emt 0:10:06]} a6 $14 {[%emt 0:06:53]} ({Don't play} 19... Bxc2 20. Qd2 Bb3 21. Rac1 $11) (19... Qc7 $15 20. Ne5 f5) 20. Ng5 {[%emt 0:06:32]} Bg6 {[%emt 0:01:42]} 21. c4 {[%emt 0:00:53]} Rde8 {[%emt 0:06:23]} 22. cxd5 {[%emt 0:04:15]} Qxd5 {[%emt 0:01:59]} 23. Bg2 {[%emt 0:02:36]} Qf5 {[%emt 0:04:06]} 24. Qb3 {[%emt 0:02:00]} Qd7 {[%emt 0:02:45]} 25. Rac1+ {[%emt 0:02:01]} Kd8 {[%emt 0:08:20]} 26. Bxb7 {[%emt 0:01:49]} Nxe3 {[%emt 0:01:45]} 27. Rc8+ {[%emt 0:05:36]} Qxc8 {[%emt 0:00:40]} 28. Bxc8 {[%emt 0:00:26]} Kxc8 {[%emt 0:00:02]} 29. Rc1+ {[%emt 0:00:58]} Nc2 {[%emt 0:00:35]} 30. Nxf7 {[%emt 0:02:14]} Bxf7 {[%emt 0:00:27]} 31. Rxc2+ {[%emt 0:00:27]} Kd7 {[%emt 0:00:56]} 32. Qxf7+ {[%emt 0:00:42]} Re7 {[%emt 0:00:18]} 33. Qf5+ {[%emt 0:00:22]} Re6 {[%emt 0:00:13]} 1-0

[Event "FRA-ch Youth 2017"]
[Site "Belfort"]
[Date "2017.04.17"]
[Round "3"]
[White "Djidjeli, Sarah"]
[Black "Rubsamen, Anais"]
[Result "0-1"]
[WhiteElo "1934"]
[BlackElo "1610"]
[Annotator "NA"]
[PlyCount "148"]
[EventDate "2017.??.??"]
[EventCountry "FRA"]
[SourceTitle "playchess.com"]
[Source "ChessBase"]
[SourceQuality "1"]
[TimeControl "5400+30"]

1. e4 {[%emt 0:00:00]} g6 {[%emt 0:00:06]} 2. Nc3 {[%emt 0:00:00]} Bg7 {[%emt 0:00:33]} 3. d4 {[%emt 0:00:00]} c6 {[%emt 0:00:13]} 4. Bc4 {[%emt 0:00:02]} d5 {[%emt 0:01:24]} 5. exd5 {[%emt 0:00:13]} b5 {[%emt 0:00:02]} 6. Bb3 {[%emt 0:00:16]} b4 {[%emt 0:00:03]} 7. Nce2 {[%emt 0:00:11]} cxd5 {[%emt 0:00:07]} 8. a3 {[%emt 0:00:18] B06: Modern Defence} bxa3 {[%emt 0:03:32]} 9. Rxa3 {[%emt 0:00:17]} Nc6 {[%emt 0:02:12]} (9... Nf6 10. Nf3 O-O 11. O-O Nc6 12. Ne5 Bb7 13. Nd3 Ne4 14. c3 Na5 15. Bc2 Nc4 16. Ra2 e6 17. Ng3 Ned6 18. Re1 Bc6 19. Bf4 Re8 {½-½ (113) Korobov,A (2692)-Shtembuliak,E (2478) Rivne 2016}) 10. Nf3 {[%emt 0:09:00]} Bg4 $146 {[%emt 0:00:32]} (10... e6 11. O-O Nge7 12. Bf4 O-O 13. Qd2 Nf5 14. Ba4 Bd7 15. Rfa1 Qb6 16. Rb3 Qa6 17. Qe1 Qc8 18. Bxc6 Bxc6 19. Qd2 f6 20. Ng3 Nxg3 21. hxg3 Qd7 22. Ra6 g5 {½-½ (22) Kotter,R (2299)-Kober,T (2099) Germany 2003}) 11. Ba4 {[%emt 0:00:25]} Bd7 {[%emt 0:01:48]} 12. O-O {[%emt 0:01:12]} Nf6 {[%emt 0:01:56]} 13. Ne5 {[%emt 0:02:30]} Qb6 $2 {[%emt 0:06:21]} (13... Rc8 $16) 14. Rb3 {[%emt 0:01:09]} ({Less strong is} 14. Nxd7 Nxd7 15. Rb3 Qa6 $16) 14... Qa6 {[%emt 0:00:19]} 15. Bb5 {[%emt 0:00:18]} Qc8 {[%emt 0:02:08]} 16. Bxc6 {[%emt 0:00:33]} Bxc6 {[%emt 0:03:03]} 17. Rc3 {[%emt 0:05:49]} Ne4 {[%emt 0:00:12]} 18. Rxc6 {[%emt 0:01:02]} Qb7 {[%emt 0:00:04]} 19. c4 {[%emt 0:05:06]} Bxe5 {[%emt 0:00:33]} 20. dxe5 {[%emt 0:02:30]} Qxc6 {[%emt 0:00:41]} 21. cxd5 {[%emt 0:00:09]} Qc4 {[%emt 0:02:33]} 22. f3 {[%emt 0:03:19]} Nc5 {[%emt 0:00:56]} 23. Bh6 {[%emt 0:01:12]} Nd3 {[%emt 0:07:42]} 24. Qd2 {[%emt 0:04:47]} Qxd5 {[%emt 0:08:56]} 25. Nc3 {[%emt 0:01:29]} Qc4 {[%emt 0:03:28]} 26. b3 {[%emt 0:01:03] [#]} Qd4+ $1 {[%emt 0:02:49]} 27. Be3 {[%emt 0:02:01]} Qd7 {[%emt 0:00:47]} 28. Bh6 $2 {[%emt 0:02:28]} (28. Rd1 $11 {and White stays safe.} Rd8 29. Qe2) 28... Nxe5 {[%emt 0:02:26]} 29. Qe3 {[%emt 0:00:38]} Nc6 {[%emt 0:00:29]} 30. Rd1 {[%emt 0:01:49]} Qe6 {[%emt 0:00:34]} 31. Ne4 {[%emt 0:02:11]} Rd8 {[%emt 0:02:03]} 32. Rc1 {[%emt 0:00:20]} Nd4 {[%emt 0:04:31]} 33. g4 {[%emt 0:06:06]} Nb5 {[%emt 0:05:19]} 34. Bg7 {[%emt 0:01:07]} Rg8 $19 {[%emt 0:00:18]} 35. Bb2 Nd6 {[%emt 0:04:04]} 36. Rc6 {[%emt 0:07:42]} h5 {[%emt 0:10:18]} 37. Ba3 {[%emt 0:03:31]} hxg4 {[%emt 0:02:58]} 38. Bxd6 {[%emt 0:02:24]} f5 {[%emt 0:08:32]} 39. Rc7 {[%emt 0:09:25]} Rxd6 {[%emt 0:05:23]} 40. Nxd6+ {[%emt 0:01:02]} Qxd6 {[%emt 0:00:04]} 41. Rxa7 {[%emt 0:00:36]} gxf3 {[%emt 0:00:42]} 42. Ra2 {[%emt 0:06:47]} Qc6 {[%emt 0:02:30]} 43. Ra4 {[%emt 0:02:41]} Kf7 {[%emt 0:00:32]} 44. Rc4 {[%emt 0:00:21]} Qa8 {[%emt 0:00:37]} 45. Rc7 {[%emt 0:02:23]} Qd8 {[%emt 0:00:31]} 46. Rc1 {[%emt 0:01:17]} Qd5 {[%emt 0:00:20]} 47. Re1 {[%emt 0:00:15]} Qb7 {[%emt 0:00:39]} 48. Qe6+ {[%emt 0:00:30]} Kf8 {[%emt 0:00:26]} 49. Rd1 {[%emt 0:02:01]} Qb8 {[%emt 0:02:45]} 50. Rc1 {[%emt 0:01:47]} Qa7+ {[%emt 0:00:18]} 51. Kf1 {[%emt 0:00:28]} Kg7 {[%emt 0:00:53]} 52. Rc6 {[%emt 0:02:08]} Kh7 {[%emt 0:00:53]} 53. Rc4 {[%emt 0:06:39]} Kg7 {[%emt 0:01:35]} 54. Qe5+ {[%emt 0:00:10]} Kf7 {[%emt 0:00:26]} 55. Rc6 {[%emt 0:01:00]} Qd7 {[%emt 0:00:40]} 56. Rc3 {[%emt 0:03:02]} Qd1+ {[%emt 0:00:16]} 57. Kf2 {[%emt 0:00:04]} Qe2+ {[%emt 0:00:20]} 58. Qxe2 {[%emt 0:00:04]} fxe2 {[%emt 0:00:02]} 59. Rh3 {[%emt 0:00:26]} Kf6 {[%emt 0:00:18]} 60. Kxe2 {[%emt 0:00:03]} Rb8 {[%emt 0:00:29]} 61. Kd2 {[%emt 0:00:48]} e5 {[%emt 0:00:36]} 62. Rc3 {[%emt 0:00:39]} Rb4 {[%emt 0:00:43]} 63. Kd3 {[%emt 0:00:57]} Rh4 {[%emt 0:00:21]} 64. Rc2 {[%emt 0:00:10]} e4+ {[%emt 0:00:40]} 65. Kd4 {[%emt 0:00:21]} e3+ {[%emt 0:00:28]} 66. Kd3 {[%emt 0:03:18]} Rb4 {[%emt 0:01:18]} 67. Rc3 {[%emt 0:00:29]} f4 {[%emt 0:00:20]} 68. Ke2 {[%emt 0:00:08]} Kf5 {[%emt 0:01:02]} 69. Kf3 {[%emt 0:00:26]} g5 {[%emt 0:01:56]} 70. Rc5+ {[%emt 0:00:26]} Kf6 {[%emt 0:00:14]} 71. Rc6+ {[%emt 0:00:10]} Kg7 {[%emt 0:00:52]} 72. Rc5 {[%emt 0:01:18]} Kg6 {[%emt 0:01:14]} 73. Kg4 {[%emt 0:00:33]} Kf6 {[%emt 0:01:07]} 74. Rc6+ Ke5 0-1

[Event "FRA-ch Youth 2017"]
[Site "Belfort"]
[Date "2017.04.17"]
[Round "3"]
[White "Nguyen-Cadoret, Nathan"]
[Black "Droin, Augustin"]
[Result "1/2-1/2"]
[WhiteElo "1930"]
[BlackElo "1738"]
[Annotator "NA"]
[PlyCount "166"]
[EventDate "2017.??.??"]
[EventCountry "FRA"]
[SourceTitle "playchess.com"]
[Source "ChessBase"]
[SourceQuality "1"]
[TimeControl "5400+30"]

1. d4 {[%emt 0:00:00]} Nf6 {[%emt 0:00:24]} 2. c4 {[%emt 0:00:00]} e6 {[%emt 0:00:05]} 3. Nf3 {[%emt 0:00:00]} d5 {[%emt 0:01:05]} 4. g3 {[%emt 0:00:00]} Be7 {[%emt 0:01:27]} 5. Bg2 {[%emt 0:00:00]} Nc6 {[%emt 0:00:18]} 6. O-O {[%emt 0:00:18]} O-O {[%emt 0:01:36]} 7. Nc3 {[%emt 0:00:34]} Ne4 {[%emt 0:05:09] E06: Closed Catalan: Early deviations} 8. Be3 $146 {[%emt 0:05:08]} (8. Qc2 f5 9. a3 a5 10. Rd1 Bf6 11. Rb1 Kh8 12. h4 h6 13. b4 axb4 14. axb4 g5 15. hxg5 hxg5 {½-½ (47) Miroshnichenko,E (2696)-Radulski,J (2539) Kallithea 2009}) 8... f5 {[%emt 0:03:27]} 9. Nd2 {[%emt 0:01:33]} Bg5 {[%emt 0:01:56]} 10. f4 {[%emt 0:01:22]} Bf6 {[%emt 0:00:26]} 11. Nf3 {[%emt 0:03:29]} h6 {[%emt 0:02:17]} (11... Na5 $11) 12. Ne5 {[%emt 0:03:22]} Ne7 {[%emt 0:04:46]} 13. Rc1 {[%emt 0:06:33]} c6 {[%emt 0:01:03]} 14. b4 {[%emt 0:03:43]} Nxc3 {[%emt 0:04:33]} 15. Rxc3 {[%emt 0:02:02]} dxc4 {[%emt 0:00:20]} 16. Rxc4 {[%emt 0:01:03]} Nd5 {[%emt 0:00:08]} 17. Bxd5 {[%emt 0:01:39]} Qxd5 18. Qc2 {[%emt 0:01:49]} Rd8 {[%emt 0:02:15]} 19. Rc5 {[%emt 0:01:03]} Qd6 {[%emt 0:00:11]} 20. Rc1 {[%emt 0:02:54]} Bd7 {[%emt 0:00:32]} 21. Bf2 {[%emt 0:01:42]} Rac8 {[%emt 0:01:41]} 22. b5 {[%emt 0:01:01]} Bxe5 {[%emt 0:01:06]} 23. dxe5 {[%emt 0:01:56]} Qf8 {[%emt 0:01:43]} 24. Rc3 {[%emt 0:04:17]} cxb5 {[%emt 0:00:51]} 25. Bxa7 {[%emt 0:02:13]} Rxc3 {[%emt 0:00:17]} 26. Qxc3 {[%emt 0:00:12]} Rc8 {[%emt 0:00:15]} 27. Bc5 {[%emt 0:00:47]} Qd8 {[%emt 0:00:28]} 28. Qe3 {[%emt 0:05:39]} Bc6 {[%emt 0:01:38]} 29. Bd6 {[%emt 0:03:43]} Bd5 {[%emt 0:00:10]} 30. a3 {[%emt 0:01:13]} Rxc1+ {[%emt 0:00:14]} 31. Qxc1 {[%emt 0:00:05]} Qd7 {[%emt 0:00:04]} 32. Qc7 {[%emt 0:02:55]} Qxc7 {[%emt 0:00:40]} 33. Bxc7 {[%emt 0:00:05]} Kf7 {[%emt 0:00:09]} 34. Kf2 {[%emt 0:00:20]} Ke8 {[%emt 0:00:06]} 35. Ke3 {[%emt 0:00:50]} Kd7 {[%emt 0:00:04]} 36. Bd6 {[%emt 0:00:03]} h5 {[%emt 0:00:09]} 37. Kd4 {[%emt 0:00:16]} Kc6 {[%emt 0:00:05]} 38. e3 {[%emt 0:02:24]} g6 {[%emt 0:00:19]} 39. Bb4 {[%emt 0:01:04]} b6 {[%emt 0:00:10]} 40. Bd6 {[%emt 0:00:11]} Be4 {[%emt 0:00:18]} 41. Be7 {[%emt 0:00:58]} Bd5 {[%emt 0:00:16]} 42. Kc3 {[%emt 0:02:19]} Be4 {[%emt 0:00:09]} 43. Bd8 {[%emt 0:00:33]} Bf3 {[%emt 0:00:30]} 44. Kd4 {[%emt 0:01:20]} Be4 {[%emt 0:00:11]} 45. Be7 {[%emt 0:00:02]} Bd5 {[%emt 0:00:16]} 46. Bb4 {[%emt 0:00:05]} Be4 {[%emt 0:00:15]} 47. Bc3 {[%emt 0:00:04]} Bc2 {[%emt 0:00:20]} 48. Bb2 {[%emt 0:00:57]} Be4 {[%emt 0:00:32]} 49. Kc3 {[%emt 0:00:19]} Kc5 {[%emt 0:01:01]} 50. Kb3 {[%emt 0:00:22]} Bd5+ {[%emt 0:00:17]} 51. Kc2 {[%emt 0:02:12]} Kc4 {[%emt 0:00:27]} 52. Bd4 {[%emt 0:00:19]} b4 {[%emt 0:00:23]} 53. axb4 {[%emt 0:00:24]} b5 {[%emt 0:00:14]} 54. Bc5 {[%emt 0:00:23]} Be4+ {[%emt 0:00:13]} 55. Kd2 {[%emt 0:00:06]} Kb3 {[%emt 0:00:02]} 56. Ke2 {[%emt 0:00:18]} Kc2 {[%emt 0:00:23]} 57. Kf2 {[%emt 0:00:08]} Kd2 {[%emt 0:00:21]} 58. h3 {[%emt 0:00:23]} Kd3 {[%emt 0:00:50]} 59. Be7 {[%emt 0:00:26]} Kd2 60. Bg5 {[%emt 0:00:32]} Kc3 {[%emt 0:00:51]} 61. Be7 {[%emt 0:00:07]} Kd2 {[%emt 0:00:23]} 62. Bd6 {[%emt 0:00:05]} Kd3 {[%emt 0:00:05]} 63. Bc5 {[%emt 0:00:29]} Kd2 {[%emt 0:00:05]} 64. Bd4 {[%emt 0:00:05]} Kd3 {[%emt 0:00:14]} 65. Ke1 {[%emt 0:00:04]} Bg2 {[%emt 0:00:46]} 66. h4 {[%emt 0:00:04]} Bf3 {[%emt 0:00:05]} 67. Bc5 {[%emt 0:00:04]} Be4 {[%emt 0:00:20]} 68. Kd1 {[%emt 0:00:11]} Bf3+ {[%emt 0:00:07]} 69. Ke1 {[%emt 0:00:00]} Be4 {[%emt 0:00:07]} 70. Kd1 {[%emt 0:03:33]} Bd5 {[%emt 0:00:10]} 71. Bb6 {[%emt 0:00:51]} Bc4 {[%emt 0:01:56]} 72. Kc1 {[%emt 0:00:47]} Ke2 {[%emt 0:00:55]} 73. Kc2 {[%emt 0:00:05]} Kf3 {[%emt 0:00:08]} 74. Kc3 {[%emt 0:00:09]} Kxg3 {[%emt 0:01:19]} 75. Bd8 {[%emt 0:00:05]} Kf2 {[%emt 0:00:17]} 76. Kd4 {[%emt 0:00:01]} Kf3 {[%emt 0:00:17]} 77. Bg5 {[%emt 0:00:13]} Be2 {[%emt 0:01:06]} 78. Kc5 $11 {[%emt 0:00:33]} Kxe3 {[%emt 0:01:34]} 79. Kd6 {[%emt 0:00:06]} Bc4 {[%emt 0:01:20]} 80. Ke7 {[%emt 0:00:07]} Ke4 {[%emt 0:00:08]} 81. Kf7 {[%emt 0:00:10]} Kd5 {[%emt 0:00:06]} 82. Kxg6 {[%emt 0:00:11]} Be2 {[%emt 0:00:25]} 83. Kf7 {[%emt 0:00:22]} Bf3 {[%emt 0:00:16]} 1/2-1/2

[Event "FRA-ch Youth 2017"]
[Site "Belfort"]
[Date "2017.04.17"]
[Round "3"]
[White "Fleurquin, Bryan"]
[Black "Micottis, Dorian"]
[Result "0-1"]
[WhiteElo "1921"]
[BlackElo "2249"]
[Annotator "NA"]
[PlyCount "68"]
[EventDate "2017.??.??"]
[EventCountry "FRA"]
[SourceTitle "playchess.com"]
[Source "ChessBase"]
[SourceQuality "1"]
[TimeControl "5400+30"]

1. e4 {[%emt 0:04:33]} c5 {[%emt 0:01:09]} 2. Nc3 {[%emt 0:00:13]} e6 {[%emt 0:00:05]} 3. f4 {[%emt 0:00:06]} d5 {[%emt 0:00:03]} 4. Bb5+ {[%emt 0:03:15]} Nc6 {[%emt 0:06:20]} 5. exd5 {[%emt 0:03:59] B23: Closed Sicilian: Lines without g3} (5. Nf3 Nf6 6. e5 Nd7 7. O-O Qb6 8. Bxc6 Qxc6 9. d4 Be7 10. Be3 b6 11. Kh1 O-O 12. Qd2 f5 13. exf6 Nxf6 14. Ne5 Qc7 15. Rae1 {1-0 (39) Amonatov,F (2614)-Potkin,V (2597) Almaty 2016}) 5... exd5 {[%emt 0:00:14]} 6. d4 {[%emt 0:01:01]} Nf6 {[%emt 0:11:15]} 7. Nf3 {[%emt 0:00:54]} Be7 {[%emt 0:01:25]} 8. Ne5 {[%emt 0:06:24]} Qb6 $146 {[%emt 0:15:48]} (8... O-O 9. Bxc6 bxc6 10. Nxc6 Qc7 11. Ne5 cxd4 12. Ne2 Bd6 13. O-O Ba6 14. Nd3 Rfe8 {0-1 (25) Vicas,M (1947)-Malinin,Y (2323) Plunge 2012}) 9. Be3 {[%emt 0:04:42]} O-O {[%emt 0:17:28]} 10. Bxc6 {[%emt 0:15:21]} bxc6 {[%emt 0:00:28]} 11. O-O {[%emt 0:03:13]} cxd4 {[%emt 0:04:19]} 12. Bxd4 {[%emt 0:02:24]} c5 {[%emt 0:00:42]} 13. Bf2 {[%emt 0:01:00]} Bb7 {[%emt 0:04:04]} 14. Rb1 {[%emt 0:04:02]} d4 {[%emt 0:06:15]} 15. Ne2 {[%emt 0:03:19]} Rad8 {[%emt 0:02:05]} 16. Ng3 {[%emt 0:01:20]} Ne4 {[%emt 0:03:27]} 17. Nf5 {[%emt 0:07:26]} Bf6 {[%emt 0:00:38]} 18. Bh4 {[%emt 0:15:24]} Bxh4 {[%emt 0:04:31]} 19. Nxh4 {[%emt 0:00:11]} f6 {[%emt 0:01:26]} 20. Nc4 {[%emt 0:01:36]} Qe6 {[%emt 0:00:20]} 21. Qe2 {[%emt 0:02:32]} Rfe8 {[%emt 0:01:33]} 22. Nd2 {[%emt 0:04:33]} Ba6 {[%emt 0:01:06]} 23. Qxe4 {[%emt 0:01:12]} Qxe4 {[%emt 0:00:51]} 24. Nxe4 {[%emt 0:00:07]} Bxf1 {[%emt 0:01:12]} 25. Nxc5 {[%emt 0:00:26]} Bc4 {[%emt 0:00:40]} 26. b3 {[%emt 0:01:28]} Bb5 $19 {[%emt 0:02:28]} 27. a4 {[%emt 0:00:25]} Bc6 {[%emt 0:00:39]} 28. Kf2 {[%emt 0:06:14]} Be4 {[%emt 0:01:56]} 29. Rb2 {[%emt 0:03:39]} a5 {[%emt 0:02:34]} 30. Nf3 {[%emt 0:00:51]} Bxf3 {[%emt 0:04:31]} 31. Kxf3 {[%emt 0:02:14]} Re3+ {[%emt 0:00:04]} 32. Kf2 {[%emt 0:00:38]} Rde8 {[%emt 0:00:05]} 33. Nb7 {[%emt 0:01:13]} Re2+ {[%emt 0:00:56]} 34. Kf1 {[%emt 0:00:16]} d3 {[%emt 0:00:04]} 0-1